00341nam a2200133Ia 4500008004100000041000800041082001200049100001200061245004500073250001400118260003500132300002900167365001100196240624s9999 xx 000 0 und d aeng a954 PEN aPENGUIN aPENGUIN GUIDE TO THE COUNTRIES OF THE WO a(2nd ed.) c2007aNew DelhibPenguin Books av, : 295 : p. : cm. ; 20 cRSb30